[Event "It"]
[Site "masterchessopen.com Bad Liebenstein (Germany)"]
[Round "1"]
[White "Jansa Vlastimil (CZE)"]
[Black "Szilagyi Gyorgy (HUN)"]
[Result "1-0"]
[WhiteElo "2478"]
[BlackElo "2370"]

1.e4 c5 2.Nf3 Nc6 3.d4 cxd4 4.Nxd4 Nf6 5.Nc3 d6 6.Bg5 Bd7 7.Qd2 Nxd4 8.Qxd4
Qa5 9.f4 e6 10.O-O-O Bc6 11.Be2 Be7 12.Kb1 O-O 13.Rhf1 Rfd8 14.f5 e5 15.Qe3
Kf8 16.Bxf6 Bxf6 17.Nd5 Qc5 18.Qh3 Rac8 19.b4 Qxc2+ 20.Kxc2 Bxd5+ 21.Kb1 Bxe4+
22.Bd3 {#r} 1-0

[Event "Olympiad"]
[Site "masterchessopen.com Tel Aviv (Israel)"]
[Round "8"]
[White "Unzicker Wolfgang (GER)"]
[Black "Gheorghiu Florin (ROM)"]
[Result "0-1"]
[WhiteElo "2433"]
[BlackElo "2383"]

1.e4 c5 2.Nf3 d6 3.d4 cxd4 4.Nxd4 Nf6 5.Nc3 Nc6 6.Bg5 Bd7 7.Qd2 a6 8.O-O-O b5
9.Bxf6 gxf6 10.Kb1 e6 11.Nxc6 Bxc6 12.Bd3 Qb6 13.Qe2 O-O-O 14.a4 b4 15.Bxa6+
Kb8 16.Na2 Bxa4 17.Bc4 Rg8 18.f4 Rc8 19.Rhf1 Qc5 20.b3 Bc6 21.g3 Rc7 22.Qd2
Bxe4 23.Nxb4 Bb7 24.Ba6 d5 25.Nd3 Qa3 26.Bxb7 Kxb7 27.Qc1 Qa7 28.f5 Ba3 29.Qd2
Ra8 30.Rf4 d4 31.Qg2+ Kb8 32.c4 Bd6 33.Kc2 Bxf4 34.gxf4 Qa5 35.Nb2 Qxf5+
36.Rd3 Ra2 37.Qf3 e5 38.Qd5 Qd7 {#R} 0-1

[Event "Ch Poland (1/2 final)"]
[Site "masterchessopen.com Poznan (Poland)"]
[Round "5"]
[White "Schmidt Wlodzimierz (POL)"]
[Black "Schinzel Wladyslaw (POL)"]
[Result "1-0"]
[WhiteElo "2370"]
[BlackElo "2380"]

1.e4 c5 2.Nf3 Nc6 3.d4 cxd4 4.Nxd4 Nf6 5.Nc3 d6 6.Bg5 Bd7 7.Qd2 a6 8.f4 b5
9.Bxf6 gxf6 10.O-O-O h5 11.Kb1 h4 12.Be2 Bh6 13.Nf5 Rc8 14.Nd5 Bf8 15.Bf3 Na5
16.b3 Nc6 17.Rhe1 a5 18.Re2 b4 19.Qc1 a4 20.Qb2 e5 21.Nde3 Be6 22.Red2 Qa5
23.Ng4 Bxf5 24.Nxf6+ Kd8 25.Rd5 Qc7 26.exf5 Nd4 27.bxa4 Nxc2 28.Be4 Ne3
29.Qxe5 {#r} 1-0

[Event "Match \"]
[Site "masterchessopen.com Sofia (Bulgaria)"]
[Round "4"]
[White "Minev Nikolay N (USA)"]
[Black "Stein Leonid Z (UKR)"]
[Result "1-0"]
[WhiteElo "2370"]
[BlackElo "2620"]

1.e4 c5 2.Nf3 Nc6 3.d4 cxd4 4.Nxd4 Nf6 5.Nc3 d6 6.Bg5 Bd7 7.Qd2 a6 8.Be2 e6
9.Rd1 h6 10.Bh4 Nxe4 11.Bxd8 Nxd2 12.Bb6 Rc8 13.Rxd2 Ne5 14.Nb3 Nc4 15.Bxc4
Rxc4 16.O-O Be7 17.Re1 Kf8 18.Bc5 {#r} 1-0

[Event "Olympiad"]
[Site "masterchessopen.com Habana (Cuba)"]
[Round "0"]
[White "Jansa Vlastimil (CZE)"]
[Black "Gunnarsson Gunnar K (ISL)"]
[Result "1-0"]
[WhiteElo "2478"]
[BlackElo "2220"]

1.e4 c5 2.Nf3 Nc6 3.d4 cxd4 4.Nxd4 Nf6 5.Nc3 d6 6.Bg5 Bd7 7.Qd2 a6 8.O-O-O b5
9.Bxf6 gxf6 10.f4 Rc8 11.Nxc6 Bxc6 12.Bd3 Bh6 13.Qf2 e6 14.Kb1 b4 15.Ne2 Qa5
16.Qh4 Bg7 17.f5 Ke7 18.Nf4 Qe5 19.Rhf1 a5 20.Rde1 Rcf8 21.Bc4 Bd7 22.Nd5+
exd5 23.exd5 Rc8 24.Rxe5+ dxe5 25.d6+ Kxd6 26.Bxf7 Ke7 27.Bb3 Bb5 28.Re1 Rc5
29.Qg4 Bf8 30.Rd1 h5 31.Qe4 {#r} 1-0

[Event "Ch World (team) (students)"]
[Site "masterchessopen.com Oerebro (Sweden)"]
[Round "9"]
[White "Zuidema Coen (NED)"]
[Black "Gheorghiu Florin (ROM)"]
[Result "0-1"]
[WhiteElo "2450"]
[BlackElo "2383"]

1.e4 c5 2.Nf3 d6 3.d4 cxd4 4.Nxd4 Nf6 5.Nc3 Nc6 6.Bg5 Bd7 7.Qd2 a6 8.Bxf6 gxf6
9.O-O-O e6 10.Kb1 b5 11.Nxc6 Bxc6 12.Qe3 Qe7 13.f4 Qa7 14.Qh3 b4 15.Ne2 Bxe4
16.Nd4 f5 17.Bd3 Bg7 18.Bxe4 fxe4 19.Nxe6 fxe6 20.Qxe6+ Qe7 21.Rxd6 Qxe6
22.Rxe6+ Kf7 23.Rxe4 a5 24.Rhe1 Rhe8 25.g4 Rxe4 26.Rxe4 Rd8 27.Kc1 Rd4 28.Rxd4
Bxd4 29.Kd2 Bxb2 30.Ke3 h5 31.gxh5 Ke6 32.Ke4 Bg7 33.h3 Bh6 {#R} 0-1

[Event "?"]
[Site "masterchessopen.com URS"]
[Round "0"]
[White "Sakharov Yuri N (RUS)"]
[Black "Kudriashov Anatoli (TKM)"]
[Result "1-0"]
[WhiteElo "2475"]
[BlackElo "2318"]

1.e4 c5 2.Nf3 Nc6 3.d4 cxd4 4.Nxd4 Nf6 5.Nc3 d6 6.Bg5 Bd7 7.Qd2 Nxd4 8.Qxd4
Qa5 9.f4 Rc8 10.e5 dxe5 11.fxe5 e6 12.O-O-O Bc6 13.Bxf6 gxf6 14.Ne4 fxe5
15.Nf6+ Ke7 16.Qh4 Bg7 17.Nh5+ Kf8 18.Bc4 Qa4 19.Qg5 Rg8 20.Rd8+ {#r} 1-0

[Event "?"]
[Site "masterchessopen.com URS"]
[Round "0"]
[White "Vitolins Alvis (LAT)"]
[Black "Liberzon Vladimir M (ISR)"]
[Result "1-0"]
[WhiteElo "2435"]
[BlackElo "2410"]

1.e4 c5 2.Nf3 Nc6 3.d4 cxd4 4.Nxd4 Nf6 5.Nc3 d6 6.Bg5 Bd7 7.Qd2 a6 8.O-O-O b5
9.Nxc6 Bxc6 10.Qe1 Qa5 11.Kb1 e6 12.f4 Rc8 13.f5 Qc7 14.fxe6 fxe6 15.Nd5 Bxd5
16.exd5 Qxc2+ 17.Ka1 e5 18.Bd3 Qxg2 19.Rg1 Qf3 20.Be2 Qf5 21.Qa5 Qd7 22.Qxa6
Rb8 23.Rc1 Qb7 24.Qa5 Nxd5 25.Bf3 Qb6 26.Qd2 Ne7 27.Bxe7 Bxe7 28.Rxg7 Rf8
29.Qh6 Qa7 30.Qxh7 Kd8 31.Rg8 Qd7 32.Bg4 Qe8 33.Qc2 {#r} 1-0

[Event "It"]
[Site "masterchessopen.com Hastings (England)"]
[Round "2"]
[White "Kaplan Julio P (USA)"]
[Black "Gheorghiu Florin (ROM)"]
[Result "0-1"]
[WhiteElo "2480"]
[BlackElo "2383"]

1.e4 c5 2.Nf3 Nc6 3.d4 cxd4 4.Nxd4 Nf6 5.Nc3 d6 6.Bg5 Bd7 7.Qd2 Rc8 8.O-O-O
Nxd4 9.Qxd4 Qa5 10.Bxf6 gxf6 11.Kb1 Qc5 12.Qd2 f5 13.exf5 Bxf5 14.Bb5+ Kd8
15.Bd3 Be6 16.Ne4 Qb6 17.Ng5 Bg7 18.Nxe6+ fxe6 19.c4 Bd4 20.f4 e5 21.fxe5 Bxe5
22.Rhe1 Rc5 23.g3 a5 24.Re3 Kc7 25.Bf1 a4 26.Rc1 Bf6 27.Ra3 Rg8 28.h4 Rf5
29.Rxa4 Rf2 {#R} 0-1

[Event "Zt"]
[Site "masterchessopen.com Athens (Greece)"]
[Round "11"]
[White "Huebner Robert Dr (GER)"]
[Black "Csom Istvan (HUN)"]
[Result "1-0"]
[WhiteElo "2592"]
[BlackElo "2426"]

1.e4 c5 2.Nf3 d6 3.d4 cxd4 4.Nxd4 Nf6 5.Nc3 Nc6 6.Bg5 Bd7 7.Qd2 Nxd4 8.Qxd4
Qa5 9.Bd2 e5 10.Qe3 Qc7 11.f3 a6 12.O-O-O Rc8 13.Bd3 Be6 14.g4 g6 15.h4 h5
16.g5 Nd7 17.Nd5 Qc6 18.Kb1 b5 19.Ba5 Qc5 20.Qe1 Qa7 21.Rf1 Bg7 22.Bb4 Nc5
23.Be2 Rc6 24.Nf6+ Bxf6 25.gxf6 Qc7 26.f4 Nb7 27.fxe5 dxe5 28.Qd2 Qc8 29.Be7
Rc7 30.Rf3 Rd7 31.Rd3 Rxd3 32.Qxd3 g5 33.Qa3 Bg4 34.Bxg4 Qxg4 35.Qd3 Qc8
36.Qd5 gxh4 37.Qxb7 {#r} 1-0

[Event "Match \"]
[Site "masterchessopen.com Budapest (Hungary)"]
[Round "0"]
[White "Yuferov Sergey N (RUS)"]
[Black "Csom Istvan (HUN)"]
[Result "0-1"]
[WhiteElo "2412"]
[BlackElo "2426"]

1.e4 c5 2.Nf3 Nc6 3.d4 cxd4 4.Nxd4 Nf6 5.Nc3 d6 6.Bg5 Bd7 7.Qd2 Nxd4 8.Qxd4
Qa5 9.Bd2 e5 10.Qe3 Rc8 11.Bd3 a6 12.O-O Be7 13.Qg3 Nh5 14.Qf3 Nf6 15.a4 Be6
16.Qe2 Qc7 17.Kh1 O-O 18.f4 exf4 19.Rxf4 Nd7 20.Nd5 Bxd5 21.exd5 Ne5 22.Bc3 g6
23.Re1 Qd7 24.Rb4 Rfe8 25.Qf2 Bf8 26.Bf1 Bg7 27.Qa7 Re7 28.Rb6 Rce8 29.Rb4 Qf5
30.Rbe4 Ng4 31.Rxe7 Rxe7 32.Kg1 Rxe1 33.Qb8+ Bf8 34.Bxe1 Qe5 35.Bg3 Qe3+ {#R}
0-1

[Event "?"]
[Site "masterchessopen.com Bulgaria"]
[Round "0"]
[White "Daskalov Georgi (BUL)"]
[Black "Tringov Georgi P (BUL)"]
[Result "0-1"]
[WhiteElo "2355"]
[BlackElo "2379"]

1.e4 c5 2.Nf3 Nc6 3.d4 cxd4 4.Nxd4 Nf6 5.Nc3 d6 6.Bg5 Bd7 7.Qd2 Rc8 8.O-O-O
Nxd4 9.Qxd4 Qa5 10.f4 Rxc3 11.bxc3 e5 12.Qe3 Ng4 13.Qf3 h6 14.Bh4 exf4 15.e5
g5 16.Bc4 Nxe5 17.Rhe1 Bg7 18.Rd5 Qa3+ 19.Kb1 gxh4 20.Qxf4 Be6 21.Bb5+ Ke7
22.Qd4 Rc8 23.c4 Qb4+ {#R} 0-1

[Event "Memorial J.Capablanca"]
[Site "masterchessopen.com Habana (Cuba)"]
[Round "0"]
[White "O'kelly De Galway Alberic (BEL)"]
[Black "Radulov Ivan (BUL)"]
[Result "0-1"]
[WhiteElo "2460"]
[BlackElo "2306"]

1.e4 c5 2.Nf3 Nc6 3.d4 cxd4 4.Nxd4 Nf6 5.Nc3 d6 6.Bg5 Bd7 7.Qd2 Rc8 8.O-O-O
Nxd4 9.Qxd4 Qa5 10.f4 Rxc3 11.Qxc3 Qxc3 12.bxc3 Nxe4 13.Bh4 g6 14.Be1 Bg7
15.Kb2 O-O 16.Bd3 Nc5 17.Ka3 Rc8 18.Rb1 b5 19.Bd2 Nxd3 20.cxd3 Bxc3 21.Bxc3
Rxc3+ 22.Rb3 Rc2 23.Rb2 b4+ 24.Rxb4 Rxg2 25.Rb7 Be6 26.Ra1 Rxh2 27.Rxa7 Rf2
28.Kb4 h5 29.a4 h4 30.a5 h3 31.Rxe7 h2 32.Rxe6 fxe6 33.Rh1 Ra2 34.d4 Kf7
35.Kb5 Kf6 {#R} 0-1

[Event "?"]
[Site "masterchessopen.com Hungary"]
[Round "0"]
[White "Yuferov Sergey N (RUS)"]
[Black "Csom Istvan (HUN)"]
[Result "0-1"]
[WhiteElo "2412"]
[BlackElo "2426"]

1.e4 c5 2.Nf3 Nc6 3.d4 cxd4 4.Nxd4 Nf6 5.Nc3 d6 6.Bg5 Bd7 7.Qd2 Nxd4 8.Qxd4
Qa5 9.Bd2 e5 10.Qe3 Rc8 11.Bd3 a6 12.O-O Be7 13.Qg3 Nh5 14.Qf3 Nf6 15.a4 Bc6
16.Qe2 Qc7 17.Kh1 O-O 18.f4 exf4 19.Rxf4 Nd7 20.Nd5 Bxd5 21.exd5 Ne5 22.Bc3 g6
23.Re1 Qd7 24.Rb4 Rfe8 25.Qf2 Bf8 26.Bf1 Bg7 27.Qa7 Re7 28.Rb6 Rce8 29.Rb4 Qf5
30.Rbe4 Ng4 31.Rxe7 Rxe7 32.Kg1 Rxe1 33.Qb8+ Bf8 34.Bxe1 Qe5 35.Bg3 Qe3+ {#R}
0-1

[Event "Ch URS"]
[Site "masterchessopen.com Moscow (Russia)"]
[Round "14"]
[White "Platonov Igor V (RUS)"]
[Black "Polugaevsky Lev A (RUS)"]
[Result "0-1"]
[WhiteElo "2430"]
[BlackElo "2585"]

1.e4 c5 2.Nf3 Nc6 3.d4 cxd4 4.Nxd4 Nf6 5.Nc3 d6 6.Bg5 Bd7 7.Qd2 Nxd4 8.Qxd4
Qa5 9.f4 h6 10.b4 { ?! } 10...Qd8 11.Bh4 g5 { ! } 12.fxg5 hxg5 13.Bxg5 Bg7
14.Nd5 { ! } 14...Nh5 15.Qd1 Bxa1 16.Qxa1 f6 17.Bh4 { ? } ( 17.Be2 Kf7 18.O-O
Bc6 19.Bxh5+ Rxh5 20.Nxf6 exf6 21.Bxf6 Qg8 22.Bg7+ Ke8 23.Rf8+ Qxf8 24.Bxf8 {
± } ) ( { ? } 17.Bd3 Ng3 { ? } 18.Rg1 Rxh2 { ? } ( 18...Nh5 19.g4 Ng7 20.Bxf6
exf6 21.Nxf6+ Kf8 22.Rf1 Bf5 23.exf5 Rxh2 24.Qd4 { ± } ) 19.Bf4 ) ( 17.Bc4 Rc8
18.Bb3 Rg8 { ! } 19.Nxf6+ exf6 20.Bxg8 fxg5 21.Qh8 { ! } 21...Qf6 22.Qxh5+ Kf8
{ ? Razuvaev } ) 17...Bc6 { ! } 18.Qd4 Qc8 { ! } 19.Bc4 ( { ? } 19.c4 Qg4
20.Bf2 Bxd5 21.cxd5 Kf7 ) 19...Qg4 20.g3 Bxd5 21.Qxd5 O-O-O 22.Be2 Qg6 23.Rf1
Kb8 24.Rf3 Rc8 25.c4 Qe8 26.b5 Rc5 27.Qd2 Ng7 28.Ra3 Qd8 29.Bd3 Ne6 30.Qf2 Qg8
31.h3 b6 32.g4 Qh7 33.Bg3 Qxh3 34.e5 Qh1+ 35.Kd2 dxe5 {#R} 0-1

[Event "Zt"]
[Site "masterchessopen.com Praia da Rocha (Italy)"]
[Round "0"]
[White "Cordovil Joao (POR)"]
[Black "Bilek Istvan (HUN)"]
[Result "0-1"]
[WhiteElo "2184"]
[BlackElo "2375"]

1.e4 c5 2.Nf3 Nc6 3.d4 cxd4 4.Nxd4 Nf6 5.Nc3 d6 6.Bg5 Bd7 7.Qd2 Nxd4 8.Qxd4
Qa5 9.f4 e6 10.O-O-O Rc8 11.e5 dxe5 12.fxe5 Bc6 13.Bb5 Nd5 14.Nxd5 Bxb5
15.Rhf1 Bc5 16.Qf4 Rf8 17.Nc3 h6 18.Bf6 gxf6 19.exf6 Bxf1 20.Qxf1 Be3+ 21.Kb1
Rxc3 22.bxc3 Qb6+ 23.Ka1 Qc6 24.Qd3 Bb6 25.c4 Rg8 26.Qh7 Qxg2 27.Qd3 Qc6
28.Qh7 Bd4+ 29.Rxd4 Rg1+ 30.Kb2 Qb6+ 31.Kc3 Qa5+ 32.Kd3 Rd1+ 33.Ke3 Qg5+
34.Rf4 Rf1 35.Qe4 Re1+ {#R} 0-1

[Event "Zt"]
[Site "masterchessopen.com Raach (Germany)"]
[Round "20"]
[White "Dueball Juergen (GER)"]
[Black "Drimer Dolfi (ROM)"]
[Result "0-1"]
[WhiteElo "2324"]
[BlackElo "2345"]

1.e4 c5 2.Nf3 Nc6 3.d4 cxd4 4.Nxd4 Nf6 5.Nc3 d6 6.Bg5 Bd7 7.Qd2 Rc8 8.f4 Nxd4
9.Qxd4 Qa5 10.e5 dxe5 11.fxe5 Bc6 12.b4 Qc7 13.exf6 gxf6 14.Bd2 Rd8 15.Qf2
Qe5+ 16.Be2 Bh6 17.Rd1 Bxd2+ 18.Rxd2 Qxc3 19.Bd3 Qxb4 20.Qxa7 Rg8 21.Rg1 Rg5
22.Kd1 Ra8 {#R} 0-1

[Event "Zt"]
[Site "masterchessopen.com Raach (Germany)"]
[Round "12"]
[White "Dueckstein Andreas (AUT)"]
[Black "Radulov Ivan (BUL)"]
[Result "0-1"]
[WhiteElo "2221"]
[BlackElo "2306"]

1.e4 c5 2.Nf3 Nc6 3.d4 cxd4 4.Nxd4 Nf6 5.Nc3 d6 6.Bg5 Bd7 7.Qd2 Rc8 8.Be2 h6
9.Bxf6 gxf6 10.O-O Rg8 11.Kh1 Qa5 12.f4 Nxd4 13.Qxd4 f5 14.e5 dxe5 15.fxe5 Qc5
16.Qd2 Bc6 17.Bf3 Rd8 18.Qe2 e6 19.Rad1 Bg7 20.Bxc6+ Qxc6 21.Rxd8+ Kxd8 22.Rf3
Bh8 23.Nb5 Ke7 24.Nd6 Qd5 25.c4 Qd4 26.Rxf5 Bxe5 27.Nb5 Qxb2 28.Rxe5 Qa1+
29.Qe1 Qxa2 30.Qe2 Qb1+ 31.Qe1 Qa2 32.Qh4+ Rg5 33.g4 Qxc4 34.Kg2 Qc2+ 35.Kh3
Qb3+ 36.Kg2 Qb2+ {#R} 0-1

[Event "It"]
[Site "masterchessopen.com Venice (Italy)"]
[Round "12"]
[White "Rosino Antonio (ITA)"]
[Black "Lengyel Levente (HUN)"]
[Result "0-1"]
[WhiteElo "2231"]
[BlackElo "2293"]

1.e4 c5 2.Nf3 d6 3.d4 cxd4 4.Nxd4 Nf6 5.Nc3 Nc6 6.Bg5 Bd7 7.Qd2 Rc8 8.Be2 a6
9.f4 e6 10.O-O-O Be7 11.Nf3 b5 12.e5 b4 13.Na4 Ne4 14.Bxe7 Qa5 15.Qe3 Nxe7
16.Nb6 b3 17.Qxb3 Nc5 18.Qa3 Qxb6 19.Rxd6 Qc7 20.Nd4 O-O 21.b4 Ne4 22.Rxa6
Rfd8 23.Qb3 Be8 24.Rd1 Nc3 {#R} 0-1

[Event "Olympiad"]
[Site "masterchessopen.com Siegen (Germany)"]
[Round "8"]
[White "Matulovic Milan (SRB)"]
[Black "Schaufelberger Heinz (SUI)"]
[Result "1-0"]
[WhiteElo "2394"]
[BlackElo "2312"]

1.e4 c5 2.Nf3 Nc6 3.d4 cxd4 4.Nxd4 Nf6 5.Nc3 d6 6.Bg5 Bd7 7.Qd2 Rc8 8.O-O-O
Nxd4 9.Qxd4 Qa5 10.Bd2 Qc5 11.Qxc5 dxc5 12.f3 e6 13.Bf4 Bc6 14.Nb5 Nh5 15.Nxa7
Ra8 16.Nxc6 bxc6 17.Be3 Rxa2 18.Kb1 Ra7 19.e5 g6 20.g4 Ng7 21.Bh6 Rg8 22.Bd3
Be7 23.Be4 Rc7 24.Rhe1 f5 25.exf6 Bxf6 26.Bf4 e5 27.g5 exf4 28.gxf6 Ne6 29.Bd3
{#r} 1-0

[Event "Ch World (team) (under 26)"]
[Site "masterchessopen.com Haifa (Israel)"]
[Date "1970.08.05"]
[Round "2"]
[White "Pritchett Craig W (SCO)"]
[Black "Freise Helmut (GER)"]
[Result "1-0"]
[WhiteElo "2343"]
[BlackElo "2198"]

1.e4 c5 2.Nf3 Nc6 3.Nc3 d6 4.d4 cxd4 5.Nxd4 Nf6 6.Bg5 Bd7 7.Qd2 Nxd4 8.Qxd4
Qa5 9.f4 h6 10.Bxf6 gxf6 11.O-O-O Rc8 12.Kb1 Qc5 13.Qd2 Bg7 14.f5 h5 15.Be2
Bh6 16.Qd3 h4 17.Rhf1 a6 18.Rf3 Bg5 19.a3 Qe5 20.Rh3 Rh6 21.g3 hxg3 22.Rxh6
Bxh6 23.hxg3 Bg5 24.Rh1 Kd8 25.Rh7 e6 26.Bg4 Be8 27.fxe6 fxe6 28.Rxb7 Bc6
29.Rb6 a5 30.Ra6 Rc7 31.a4 Ke7 32.Qc4 d5 33.exd5 exd5 34.Qc5+ Qd6 35.Nxd5+
{#r} 1-0

[Event "It"]
[Site "masterchessopen.com Bari (Italy)"]
[Round "0"]
[White "Rosino Antonio (ITA)"]
[Black "Paoli Enrico (ITA)"]
[Result "0-1"]
[WhiteElo "2231"]
[BlackElo "2355"]

1.e4 c5 2.Nf3 Nc6 3.d4 cxd4 4.Nxd4 d6 5.Nc3 Nf6 6.Bg5 Bd7 7.Qd2 Nxd4 8.Qxd4
Qa5 9.f4 e6 10.O-O-O Be7 11.e5 dxe5 12.fxe5 Bc6 13.Bb5 Bxb5 14.exf6 Bc6
15.fxe7 Qxg5+ 16.Kb1 Qf6 17.Qc5 Qxe7 18.Rd6 Rc8 19.Rhd1 O-O 20.Qxa7 Bxg2
21.Qd4 Bc6 22.h4 e5 {#R} 0-1

[Event "corr."]
[Site "masterchessopen.com BRD"]
[Round "0"]
[White "Schulz Rainer (GER)"]
[Black "Witte Matthias (GER)"]
[Result "1-0"]
[WhiteElo "2268"]
[BlackElo "2092"]

1.e4 c5 2.Nf3 Nc6 3.d4 cxd4 4.Nxd4 Nf6 5.Nc3 d6 6.Bg5 Bd7 7.Qd2 Rc8 8.f4 Nxd4
9.Qxd4 Qa5 10.O-O-O e6 11.e5 dxe5 12.fxe5 Bc6 13.Bb5 Bxb5 14.exf6 Bc6 15.h4 g6
16.Rhe1 Bc5 17.Rxe6+ Kf8 18.Bh6+ Kg8 19.Qe5 Bb4 20.Nd5 {#r} 1-0

[Event "It (young masters)"]
[Site "masterchessopen.com England"]
[Round "9"]
[White "Eley Brian (ENG)"]
[Black "Bellin Robert (ENG)"]
[Result "1-0"]
[WhiteElo "2335"]
[BlackElo "2355"]

1.e4 c5 2.Nf3 Nc6 3.d4 cxd4 4.Nxd4 Nf6 5.Nc3 d6 6.Bg5 Bd7 7.Qd2 Rc8 8.O-O-O
Nxd4 9.Qxd4 Qa5 10.Bd2 e5 11.Qd3 a6 12.Kb1 Be6 13.Nd5 Qd8 14.c4 Bxd5 15.cxd5
Be7 16.f3 O-O 17.g3 Qd7 18.h4 Rb8 19.Bh3 Qe8 20.Rc1 Nh5 21.Rhg1 g6 22.Bh6 Ng7
23.Rc7 Bd8 24.Rd7 Bb6 25.Rc1 Bf2 26.Rcc7 Bxg3 27.Bg5 Rc8 28.Be7 Bf4 29.Qc2
Rxc7 30.Rxc7 Qb5 31.Bxf8 Kxf8 32.a4 Qb6 33.Rc8+ Ke7 34.Rg8 Nh5 35.Qc8 Kf6
36.Qd7 Bh6 37.a5 Qg1+ 38.Ka2 {#r} 1-0

[Event "It"]
[Site "masterchessopen.com Hastings (England)"]
[Round "2"]
[White "Byrne Robert E (USA)"]
[Black "Mestrovic Zvonimir (SLO)"]
[Result "0-1"]
[WhiteElo "2510"]
[BlackElo "2380"]

1.e4 c5 2.Nf3 Nc6 3.d4 cxd4 4.Nxd4 Nf6 5.Nc3 d6 6.Bg5 Bd7 7.Qd2 Rc8 8.O-O-O
Nxd4 9.Qxd4 Qa5 10.f4 h6 11.Bh4 g5 12.Be1 Bg7 13.g3 Bc6 14.Bh3 O-O 15.Bxc8
Nxe4 16.Nxe4 Qxa2 17.Qxg7+ Kxg7 18.Bc3+ Kg6 19.Nxd6 exd6 20.Rxd6+ f6 21.Re1
Rxc8 22.Rxf6+ Kh5 23.h3 Re8 24.g4+ Kh4 25.Rxh6+ Kg3 26.Rxe8 Bxe8 27.fxg5 Qa1+
28.Kd2 Qg1 29.Re6 Bf7 30.Rf6 Bd5 31.g6 Qg2+ 32.Kd3 Qxh3 33.g7 Qxg4 34.Bd4 b5
35.b4 Qd1+ 36.Kc3 Qa1+ {#R} 0-1

[Event "It (cat.10)"]
[Site "masterchessopen.com Hastings (England)"]
[Round "2"]
[White "Karpov Anatoly (RUS)"]
[Black "Byrne Robert E (USA)"]
[Result "1-0"]
[WhiteElo "2540"]
[BlackElo "2510"]

1.e4 c5 2.Nf3 Nc6 3.d4 cxd4 4.Nxd4 Nf6 5.Nc3 d6 6.Bg5 Bd7 7.Qd2 Rc8 8.O-O-O
Nxd4 9.Qxd4 Qa5 10.f4 h6 11.Bh4 g5 12.e5 gxh4 13.exf6 e6 14.Be2 Bc6 15.Rhe1
Rg8 16.Bf3 Kd7 17.Re5 Qb6 18.Qxb6 axb6 19.Bh5 Rxg2 20.Bxf7 Rxh2 21.Bxe6+ Kc7
22.Re3 Rd8 23.Nd5+ Bxd5 24.Rxd5 Rf2 25.f5 h5 26.Rc3+ Kb8 27.a4 Rf4 28.Ra3 Rg4
29.a5 Bh6+ 30.Kb1 bxa5 31.Rdxa5 Kc7 32.Rb5 Rg3 33.Ra7 Rb8 34.Bd5 Rg1+ 35.Ka2
Rf1 36.Raxb7+ Rxb7 37.Rxb7+ Kd8 38.Be6 h3 39.Rd7+ Ke8 40.Rc7 {#r} 1-0

[Event "It"]
[Site "masterchessopen.com Venice (Italy)"]
[Round "0"]
[White "Tatai Stefano (ITA)"]
[Black "Radulov Ivan (BUL)"]
[Result "1-0"]
[WhiteElo "2440"]
[BlackElo "2485"]

1.e4 c5 2.Nf3 Nc6 3.d4 cxd4 4.Nxd4 Nf6 5.Nc3 d6 6.Bg5 Bd7 7.Qd2 Rc8 8.f4 Nxd4
9.Qxd4 Qa5 10.e5 h6 11.Bh4 g5 12.exf6 e5 13.fxe5 dxe5 14.Qd3 gxh4 15.O-O-O Bc6
16.Qf5 Rd8 17.Bb5 Rxd1+ 18.Rxd1 Qc7 19.Nd5 Qb8 20.Bxc6+ bxc6 21.Nb4 {#r} 1-0

[Event "Ch Great Britain"]
[Site "masterchessopen.com Brighton (England)"]
[Round "1"]
[White "Eley Brian (ENG)"]
[Black "Lee Peter N (ENG)"]
[Result "1-0"]
[WhiteElo "2345"]
[BlackElo "2390"]

1.e4 c5 2.Nf3 d6 3.d4 cxd4 4.Nxd4 Nf6 5.Nc3 Nc6 6.Bg5 Bd7 7.Qd2 Rc8 8.O-O-O
Nxd4 9.Qxd4 Qa5 10.Bd2 a6 11.f3 Qc5 12.Qxc5 Rxc5 13.Be3 Rc8 14.Kb1 Bc6 15.Nd5
Nd7 16.c4 e6 17.Nb4 Be7 18.Be2 O-O 19.Bf4 Ne5 20.Nxc6 Rxc6 21.Bxe5 dxe5 22.Rd7
Bc5 23.Rxb7 a5 24.Kc2 g5 25.Rd1 Bd4 26.Kb3 Rfc8 27.Rb5 Rc5 28.Rxc5 Rxc5 29.Ka3
Kf8 30.b3 Ke7 31.Ka4 Rc7 32.a3 Ra7 33.Rh1 Bf2 34.Rd1 Bd4 35.g3 Kd6 36.Rh1 Kc5
37.h4 Be3 38.hxg5 Bxg5 39.Rxh7 Kd4 40.Bd1 Ke3 {#r} 1-0

[Event "Ch Hungary"]
[Site "masterchessopen.com Budapest (Hungary)"]
[Round "0"]
[White "Polgar Istvan (HUN)"]
[Black "Nagy Ervin (HUN)"]
[Result "0-1"]
[WhiteElo "2370"]
[BlackElo "2269"]

1.Nf3 c5 2.e4 d6 3.d4 cxd4 4.Nxd4 Nf6 5.Nc3 Nc6 6.Bg5 Bd7 7.Qd2 Rc8 8.O-O-O
Nxd4 9.Qxd4 Qa5 10.Bd2 e5 11.Qd3 h6 12.Kb1 a6 13.f3 Qc7 14.g3 Be7 15.h4 b5
16.a3 Be6 17.Bh3 Bc4 18.Qe3 Rb8 19.g4 g5 20.Bf1 Bxf1 21.Rdxf1 gxh4 22.Be1 b4
23.axb4 d5 24.Nxd5 Nxd5 25.exd5 Bxb4 26.f4 Bc5 27.Qc3 O-O 28.Bf2 Rb5 29.Qxe5
Bd6 30.Qf6 Rxb2+ 31.Kxb2 Rb8+ 32.Kc1 Bxf4+ 33.Kd1 Rb1+ 34.Ke2 Qc4+ 35.Kf3
Qxd5+ 36.Kxf4 Rb4+ 37.Bd4 Rxd4+ 38.Qxd4 Qxd4+ 39.Kf3 Qc3+ 40.Kg2 Qg3# 0-1

[Event "It"]
[Site "masterchessopen.com Kecskemet (Hungary)"]
[Round "0"]
[White "Radulov Ivan (BUL)"]
[Black "Csom Istvan (HUN)"]
[Result "1-0"]
[WhiteElo "2490"]
[BlackElo "2485"]

1.e4 c5 2.Nf3 Nc6 3.d4 cxd4 4.Nxd4 Nf6 5.Nc3 d6 6.Bg5 Bd7 7.Qd2 Nxd4 8.Qxd4
Qa5 9.Bd2 e5 10.Qd3 Rc8 11.O-O-O a6 12.Kb1 Qc7 13.Bg5 Qc5 14.f3 Be6 15.h4 Nd7
16.g3 h6 17.Be3 Qc6 18.Bh3 Be7 19.Nd5 b5 20.f4 Bxh3 21.Rxh3 Qc4 22.Qd2 Bd8
23.Qg2 O-O 24.g4 exf4 25.Bxf4 Re8 26.Rc3 {#r} 1-0

[Event "Ch DDR"]
[Site "masterchessopen.com Goerlitz (Germany)"]
[Date "1972.02.22"]
[Round "15"]
[White "Postler Reinhard (GER)"]
[Black "Walter Guenter (GER)"]
[Result "0-1"]
[WhiteElo "2367"]
[BlackElo "1983"]

1.e4 c5 2.Nf3 Nc6 3.d4 cxd4 4.Nxd4 Nf6 5.Nc3 d6 6.Bg5 Bd7 7.Qd2 Nxd4 8.Qxd4
Qa5 9.Bd2 e5 10.Qd3 Rc8 11.f3 a6 12.Nd5 Qd8 13.Bg5 Be7 14.Nxe7 Qxe7 15.O-O-O
Rc6 16.Be2 O-O 17.Rd2 Be6 18.Kb1 Rd8 19.Qa3 Qc7 20.Rhd1 Rc8 21.c3 Ne8 22.Be3
b5 23.Rc1 Rb8 24.Rdc2 d5 25.exd5 Bxd5 26.b3 Nd6 27.Rd1 Be6 28.Qc1 a5 29.Ka1 a4
30.bxa4 bxa4 31.Qa3 h6 32.c4 Nxc4 33.Qxa4 Qb7 34.Bxc4 Rxc4 35.Qa7 Rxc2 36.Rd8+
Rxd8 {#R} 0-1

[Event "Memorial Parcetic"]
[Site "masterchessopen.com Sombor (Yugoslavia)"]
[Round "6"]
[White "Beliavsky Alexander G (SLO)"]
[Black "Deze Anton (YUG)"]
[Result "1-0"]
[WhiteElo "2420"]
[BlackElo "2395"]

1.e4 c5 2.Nf3 Nc6 3.d4 cxd4 4.Nxd4 Nf6 5.Nc3 d6 6.Bg5 Bd7 7.Qd2 Rc8 8.O-O-O
Nxd4 9.Qxd4 Qa5 10.f4 Qc5 11.e5 Ng4 12.exd6 e6 13.Bb5 a6 14.Bxd7+ Kxd7 15.f5
exf5 16.Qa4+ Rc6 17.Qb3 Bxd6 18.Qxf7+ Kc8 19.Rd5 Qc4 20.Qxf5+ Kc7 21.Rxd6 Rxd6
22.Bf4 Nf6 23.Rd1 Rd8 24.Qe5 Qc6 25.Qe7+ Rd7 26.Bxd6+ Qxd6 27.Rxd6 Rxe7
28.Rxf6 {#r} 1-0

[Event "Ch Poland"]
[Site "masterchessopen.com Gdynia (Poland)"]
[Round "3"]
[White "Kostro Jerzy (POL)"]
[Black "Pietrusiak Bogdan (SWE)"]
[Result "0-1"]
[WhiteElo "2385"]
[BlackElo "2165"]

1.e4 c5 2.Nf3 Nc6 3.d4 cxd4 4.Nxd4 Nf6 5.Nc3 d6 6.Bg5 Bd7 7.Qd2 a6 8.O-O-O b5
9.Kb1 b4 10.Bxf6 bxc3 11.Nxc6 cxd2 12.Nxd8 gxf6 13.Nb7 a5 14.Rxd2 Ra7 15.Nxd6+
exd6 16.Bc4 Rc7 17.Bd5 Bh6 18.Rd3 Ke7 19.Rhd1 Rhc8 20.c4 a4 21.Ra3 Rb8 22.Rg3
Bf4 23.Rg7 Be6 24.g3 Be5 25.f4 Bxb2 {#R} 0-1